| Tag |
First Indicator |
Second Indicator |
Subfields |
| LEADER |
00000cam a2200000 i 4500 |
| 001 |
in00000797613 |
| 005 |
20151017083108.0 |
| 008 |
780401s1978 dcub f00000 eng d |
| 010 |
|
|
|a gp 78017786
|
| 010 |
|
|
|a 78600005
|
| 020 |
|
|
|c 2.75 (pbk. :)
|
| 035 |
|
|
|a (OCoLC)03774215
|
| 035 |
|
|
|9 ADR6791AM
|
| 037 |
|
|
|b 20402
|
| 040 |
|
|
|a GIS
|c GIS
|d GPO
|d UtOrBLW
|
| 043 |
|
|
|a n-us---
|
| 074 |
|
|
|a 624
|
| 086 |
|
|
|a I 19.16:904
|
| 100 |
1 |
|
|a King, Philip B.,
|d 1903-1987.
|
| 245 |
1 |
4 |
|a The Cenozoic rocks :
|b a discussion to accompany the geologic map of the United States /
|c by Philip B. King and Helen M. Beikman.
|
| 264 |
|
2 |
|a Washington :
|b Dept. of the Interior, Geological Survey : for sale by the Supt. of Docs., U.S. Govt. Print. Off,
|c 1978.
|
| 300 |
|
|
|a iv, 82 pages :
|b maps ;
|c 29 cm.
|
| 336 |
|
|
|a text
|b txt
|2 rdacontent
|
| 337 |
|
|
|a unmediated
|b n
|2 rdamedia
|
| 338 |
|
|
|a volume
|b nc
|2 rdacarrier
|
| 490 |
1 |
|
|a Geological Survey professional paper ;
|v 904
|
| 504 |
|
|
|a Bibliography: pages 78-82.
|
| 650 |
|
0 |
|a Geology, Stratigraphic
|y Cenozoic.
|
| 650 |
|
0 |
|a Rocks.
|
| 650 |
|
0 |
|a Geology
|z United States
|v Maps.
|
| 700 |
1 |
|
|a Beikman, Helen M.
|
| 710 |
2 |
|
|a Geological Survey (U.S.)
|
| 830 |
|
0 |
|a Geological Survey professional paper ;
|v 904.
|
| 999 |
|
|
|a MARS
|
| 999 |
f |
f |
|s 635a4ab1-1f0a-37e7-84f9-575cae6817a2
|i 93651893-51fe-31af-bf08-642b6a4de9bc
|t 0
|
| 952 |
f |
f |
|p normal
|a Texas A&M University
|b College Station
|c Sterling C. Evans Library
|d Evans: US Documents (Annex 5th floor)
|t 0
|e I 19.16:904
|h Superintendent of Documents classification
|i unmediated -- volume
|m A14814544283
|
| 998 |
f |
f |
|a I 19.16:904
|t 0
|l Evans: US Documents (Annex 5th floor)
|